Paroles 5 dans la chambre - Statistiques

Statistiques générales
  • Ce quiz a été pris 11 fois
    8 depuis la dernière actualisation
  • Le résultat moyen est 132 sur 263
Statistiques - réponses
Réponse % Correct
2
100%
5
100%
chambre
100%
dans
100%
Dans
100%
gamin
100%
jambes
100%
je
100%
la
100%
me
100%
mes
100%
Mes
100%
sur
100%
sûr
100%
3
67%
bande
67%
ça
67%
comme
67%
de
67%
d'enfants
67%
divan
67%
divin
67%
en
67%
Et
67%
et
67%
fin
67%
Graal
67%
j'bande
67%
Jesus
67%
j'étais
67%
l'tobogan
67%
mais
67%
mal
67%
ogres
67%
quand
67%
qui
67%
sale
67%
seins
67%
ses
67%
07
33%
10
33%
20
33%
21
33%
6
33%
a
33%
âme
33%
autres
33%
avait
33%
(Aya)
33%
bien
33%
blonde
33%
Bond
33%
bouche
33%
boucle
33%
car
33%
ce
33%
c'est
33%
C'est
33%
cheveux
33%
comprends
33%
coussin
33%
couvé
33%
crament
33%
cuisses
33%
dedans
33%
dehors
33%
des
33%
Des
33%
descend
33%
deux
33%
devient
33%
dieu
33%
d'logement
33%
d'ma
33%
d'or
33%
du
33%
d'vin
33%
(eh)
33%
elle
33%
enfant
33%
est
33%
été
33%
faute
33%
fille
33%
gland
33%
gorge
33%
heure
33%
heureux
33%
hot
33%
il
33%
j'ai
33%
James
33%
j'suis
33%
l'coeur
33%
le
33%
les
33%
leur
33%
leurs
33%
l'heure
33%
lit
33%
main
33%
mains
33%
mâles
33%
(man)
33%
matin
33%
mine
33%
mir-dor
33%
Miskine
33%
mon
33%
monde
33%
nan
33%
nos
33%
notre
33%
nôtres
33%
nuit
33%
on
33%
ou
33%
ouvre
33%
pardonnera
33%
pas
33%
peur
33%
Poto
33%
poussin
33%
qu'un
33%
qu'une
33%
qu'y
33%
rend
33%
respire
33%
sans
33%
s'cambre
33%
s'cambrent
33%
sera
33%
s'ils
33%
son
33%
sont
33%
Ta
33%
t'aimes
33%
tel
33%
têtes
33%
t'fait
33%
Tirer
33%
ton
33%
t'sais
33%
un
33%
une
33%
verres
33%
vient
33%
violent
33%
balle
0%
canon
0%
corps
0%
d'capote
0%
demande
0%
fautes
0%
fente
0%
hall
0%
hein
0%
j'sais
0%
j'te
0%
plus
0%
pote
0%
profite
0%
p't'être
0%
pures
0%
r'mets
0%
soir
0%
Suce
0%
t'avales
0%
trois
0%
Aucun quiz correspondant
Distribution des résultats
% des personnes avec chaque résultat
Percentile par nombre de réponses
Votre historique - résultats
Vous n’avez pas pris ce quiz depuis la dernière actualisation